000 00468nam a2200157 i 4500
001 26156
003 ES-MaACL
005 20230906153409.0
007 t|
008 030108s1961 sp ||||1| spa d
100 1 _aArocha, J. J.
_923145
245 1 0 _aManuel Carlos Piar
_b: el héroe y el genio /
_cJ. J. Arocha.
260 _aMadrid :
_bCultura Clásica y Moderna,
_c1961.
300 _aXIV, 152 p. :
_bretr. biog. ;
_c17 cm.
852 _aES-MaACL
_jC-20276
_bR.48617
999 _c26156
_d26156